Escritos pedagógicos

Na minha lista:
Detalhes bibliográficos
Autor principal: Bacon, Francis (Author)
Formato: Livro
Idioma:espanhol
Publicado em: Ciudad de México Universidad Nacional Autónoma de México 1986
Edição:1a. ed
Colecção:Biblioteca Pedagógica. Serie Universal
Assuntos:
Tags: Adicionar Tag
Sem tags, seja o primeiro a adicionar uma tag!

MARC

LEADER 00000cam a2200000 a 4500
001 UCD2564
003 CL-VaPUC
008 160428e19860000mx |||||||||||||||||spa|d
020 |a 9688376078 
082 0 4 |a 370.1  |b BAC  |2 21 
100 0 |a Bacon, Francis  |e author  |9 334502 
245 1 0 |a Escritos pedagógicos 
250 |a 1a. ed 
300 |a 168 p 
942 |c BK 
945 |d 20160428 21:50:00  |a arojas 
260 |a Ciudad de México  |b Universidad Nacional Autónoma de México  |c 1986 
650 0 |a Filosofía de la educación   |9 258384 
650 0 |a Pedagogía  |9 255351 
583 |a last modification  |c 20160428 21:50:00  |k Rodrigo Vera 
490 0 |a Biblioteca Pedagógica. Serie Universal 
999 |c 363718  |d 363716 
952 |0 0  |1 0  |3 erb  |4 0  |6 370_100000000000000_BAC_1986  |7 0  |8 A  |9 476376  |a BIBEDU  |b BIBEDU  |e Villagrán Garnham, Jorge  |i 5300711  |o 370.1 BAC 1986  |p 5300711  |r 2019-11-24  |w 2019-11-24  |y BK  |z Catalogado en:20160428  |k EPE